MARC details
| 000 -CABECERA |
| campo de control de longitud fija |
01531nam a2200385 a 4500 |
| 001 - NÚMERO DE CONTROL |
| campo de control |
000011324 |
| 003 - IDENTIFICADOR DEL NÚMERO DE CONTROL |
| campo de control |
DO-SdBNP |
| 005 - FECHA Y HORA DE LA ÚLTIMA TRANSACCIÓN |
| campo de control |
20250401151533.0 |
| 008 - DATOS DE LONGITUD FIJA--INFORMACIÓN GENERAL |
| campo de control de longitud fija |
091016s2004 dr 001 0 spa d |
| 020 ## - NÚMERO INTERNACIONAL ESTÁNDAR DEL LIBRO |
| Número Internacional Estándar del Libro |
9993490644 |
| 040 ## - FUENTE DE LA CATALOGACIÓN |
| Centro catalogador/agencia de origen |
DO-SdBNP |
| Lengua de catalogación |
spa |
| Centro/agencia transcriptor |
BNPHU |
| 049 ## - FONDOS LOCALES (OCLC) |
| Fondos de biblioteca |
BNPD |
| 082 ## - NÚMERO DE LA CLASIFICACIÓN DECIMAL DEWEY |
| Número de clasificación |
398.097293 |
| Número de documento/Ítem |
G241f, 2004 |
| 100 1# - ENTRADA PRINCIPAL--NOMBRE DE PERSONA |
| Nombre de persona |
Garrido de Boggs, Edna, |
| Fechas asociadas al nombre |
1913- |
| 9 (RLIN) |
17737 |
| 245 10 - MENCIÓN DE TÍTULO |
| Título |
Folklore infantil de Santo Domingo / |
| Mención de responsabilidad, etc. |
Edna Garrido de Boggs ; edición Eleanor Grimaldi Selié ; ilustración Gloria Gastón ; transcripciones musicales de Ruth Crawford Seeger. |
| 250 ## - MENCIÓN DE EDICIÓN |
| Mención de edición |
3a. ed. facsímilar |
| 260 ## - PUBLICACIÓN, DISTRIBUCIÓN, ETC. |
| Lugar de publicación, distribución, etc. |
Santo Domingo : |
| Nombre del editor, distribuidor, etc. |
Sociedad Dominicana de Bibliófilos, |
| Fecha de publicación, distribución, etc. |
2004. |
| 300 ## - DESCRIPCIÓN FÍSICA |
| Extensión |
662 p. : |
| Otras características físicas |
il., mús. |
| 490 1# - MENCIÓN DE SERIE |
| Mención de serie |
Clásicos bibliófilos |
| Designación de volumen o secuencia |
8 |
| 500 ## - NOTA GENERAL |
| Nota general |
Incluye letras y partituras musicales. |
| 504 ## - NOTA DE BIBLIOGRAFÍA, ETC. |
| Nota de bibliografía, etc. |
Incluye referencias bibliográficas y notas al pie de las páginas. |
| 504 ## - NOTA DE BIBLIOGRAFÍA, ETC. |
| Nota de bibliografía, etc. |
Bibliografía: p. 637-645 |
| 533 ## - NOTA DE REPRODUCCIÓN |
| Tipo de reproducción |
Facsímilar |
| Lugar de la reproducción |
Madrid: |
| Institución responsable de la reproducción |
Cultura Hispánica, |
| Fecha de la reproducción |
1955 |
| Descripción física de la reproducción |
21 cm. |
| 590 ## - NOTA LOCAL (RLIN) |
| Nota local |
Inventariado, 2018/ VM |
| 650 #4 - PUNTO DE ACCESO ADICIONAL DE MATERIA--TÉRMINO DE MATERIA |
| Término de materia o nombre geográfico como elemento de entrada |
Canciones folclóricas dominicanas |
| 9 (RLIN) |
26921 |
| 650 #4 - PUNTO DE ACCESO ADICIONAL DE MATERIA--TÉRMINO DE MATERIA |
| Término de materia o nombre geográfico como elemento de entrada |
Folclore y niños |
| Subdivisión geográfica |
República Dominicana |
| 9 (RLIN) |
26922 |
| 650 #4 - PUNTO DE ACCESO ADICIONAL DE MATERIA--TÉRMINO DE MATERIA |
| Término de materia o nombre geográfico como elemento de entrada |
Literatura folclórica dominicana |
| 9 (RLIN) |
26923 |
| 650 #4 - PUNTO DE ACCESO ADICIONAL DE MATERIA--TÉRMINO DE MATERIA |
| Término de materia o nombre geográfico como elemento de entrada |
Juegos infantiles |
| 9 (RLIN) |
26924 |
| 700 12 - PUNTO DE ACCESO ADICIONAL--NOMBRE DE PERSONA |
| Nombre de persona |
Grimaldi Silié, Eleanor, |
| Fechas asociadas al nombre |
1948- |
| Término indicativo de función/relación |
ed. |
| 9 (RLIN) |
85713 |
| 700 12 - PUNTO DE ACCESO ADICIONAL--NOMBRE DE PERSONA |
| Nombre de persona |
Gastón, Gloria |
| Término indicativo de función/relación |
il. |
| 9 (RLIN) |
26926 |
| 700 12 - PUNTO DE ACCESO ADICIONAL--NOMBRE DE PERSONA |
| Nombre de persona |
Crawford Seeger, Ruth |
| 9 (RLIN) |
26927 |
| 830 #0 - PUNTO DE ACCESO ADICIONAL DE SERIE-TÍTULO UNIFORME |
| Título uniforme |
Clásicos bibliófilos |
| Designación de volumen o secuencia |
8 |
| 9 (RLIN) |
2575 |
| 910 ## - DATOS DE OPCIÓN DEL USUARIO (OCLC) |
| Datos de opción del usuario |
Validado. Control de calidad MFF |
| 942 ## - ELEMENTOS DE PUNTO DE ACCESO ADICIONAL (KOHA) |
| Fuente del sistema de clasificación o colocación |
Dewey Decimal Classification |
| Tipo de ítem Koha |
Libro |